000 00354nam a2200169Ia 4500
100 _aSherman/John
650 _aPhilosophy
942 _cBK
366 _f25
654 _aunder pressure
245 _aUnder Pressure
260 _bBetter Yourself Books
_aBandra
_c2000
082 _a170/SHE
_bSHE
300 _a94
546 _aENGLISH
999 _c19639
_d19639